000 00774nam a2200229Ia 4500
005 20241129111030.0
008 241129s9999||||xx |||||||||||||| ||und||
020 _a978-93-92757-54-9
037 _aTB
040 _aCRL
_bhin
_cCRL
041 _ahin
_2hin
084 _aO152,3N47,BM Q7
_qCRL
100 _aस्वयं प्रकाश, ले.
245 0 _aबीच में विनय
_cस्वयं प्रकाश, ले.
250 _aतीसरा संस्करण
260 _aदिल्ली, भारत
_bराजकमल प्रकाशन
_c2017
300 _a243पृ0
365 _aINR
_b450
650 _aHindi LiteratureFiction
_9726203
942 _cTB
_hO152,3N47,BM Q7
999 _c1228625
_d1228625